Statystyki dla Quiz o Europie

Kliknij tutaj aby rozwiązać quiz!

Ogólne statystyki

  • Ten quiz został rozwiązany 347 razy
  • Średni wynik to 15 z 17

Statystyki odpowiedzi

WskazówkaOdpowiedź% Poprawnych
Stolicą którego kraju jest Bruksela?Belgia
99%
W jakich krajach mówi się po serbsku?Serbia
97%
W jakim kraju leży Walia?Wielka
Brytania
97%
Stolica FinlandiiHelsinki
96%
Państwa graniczące z SzwajcariąNiemcy
93%
Państwo, którego stolicą jest BudapesztWęgry
93%
Austria
91%
Francja
91%
Jaka jest stolica Turcji?Ankara
89%
Kosowo
87%
Włochy
87%
Liechtenstein
86%
Bośnia i
Hercegowina
84%
Jaka jest stolica landu Bawarii?Monachium
84%
Na jakim półwyspie znajduje się m.in Hiszpania?Iberyjski
82%
Z jakim morzem graniczy Słowenia?Morze
Adriatyckie
74%
Jaka jest najwyższa góra Rosji?Elbrus
36%

Rozkład punktacji

Percentyl według liczby udzielonych odpowiedzi

Procent ludzi z każdym wynikiem

Twoja historia wyników

Nie rozwiązałeś tego quizu